MDQL
is popping MORE tags! Check the
thread
!
Quizzes
Events
Quiz Creation
Community
Videos
Private Events
Remove Ads
Sign In
Join for FREE
Feedback
Dark Mode
Quiz Categories
Sports
Geography
Music
Movies
Television
Just For Fun
Miscellaneous
History
Literature
Language
Science
Gaming
Entertainment
Religion
Holiday
For Kids
Quiz Lab
Recent
Popular Today
Quiz Kudos Today
Editor Picks
Curator Picks
Quizzes by...
Day
Popularity
Type
Ratings
Length
Year
Community
Subscriptions
Recent Discussions
Orange Saloon
Badges
Playlists
Quests
Create
Leaderboards
Showdown
Live 5
Trivia Bingo
Activity
Puzzle Library
Sporcle Events
Private Events
Virtual Trivia
Globe League
Become a Host
Pub Owners
SporcleCon
Opinionation
Our Games
Videos
Blog
Mobile Apps
Partnerships
Remove Ads and Go Orange
Feedback
Gaming
Video Games
Board Games
Card Games
Pokémon
Mario
Nintendo
Minecraft
Console
Toys
Legend of Zelda
Gaming
Video Games
Board Games
Card Games
Pokémon
Mario
Nintendo
Minecraft
Console
Toys
Legend of Zelda
Random Quiz
Search Sporcle
×
Quiz Lab
Quiz Lab
Gaming
Poker
Type in answers that appear in a list
Type in answers that appear in a list
Classic
Best Score? Go Orange.
Poker Hand Slang Stats
Can you name the Texas Hold 'Em starting hand from the slang term given?
By
gp1234512345
4m
30 Questions
450 Plays
450 Plays
450 Plays
Comments
Comments
Give Quiz Kudos
Give Quiz Kudos
-
- Ratings
hide this ad
More Info
Forced Order
Answers have to be entered in order
Answers have to be entered in order
Random Order
Randomize order of answers
Randomize order of answers
Replay
Link that replays current quiz
Next Quiz
Link to next quiz in quiz playlist
You Got
0%
They Got
Avg Score
51%
Avg Friend Score
Upgrade to see
Score Distribution
Jump to the score distribution portion of the page
Score
0/30
Timer
04:00
0
Plays Today
Slang Term
Hold 'Em Starting Hand
% Correct
Bullets
AA
78.6%
Snowmen
88
77.9%
Cowboys
KK
75.7%
Dimes
TT
74.3%
Nickels
55
73.9%
Hockey Sticks
77
73.7%
Black Jack
AJ
73.7%
Ducks
22
72.1%
Jackson Five
J5
71.4%
Hooks
JJ
71.2%
Sailboats
44
68.5%
Dames
QQ
66.5%
Doyle
T2
63.8%
Kojack
KJ
63.4%
Crabs
33
58%
Slang Term
Hold 'Em Starting Hand
% Correct
Little Slick
AQ
57.8%
Anna Kournikova
AK
56.7%
Marriage
KQ
56.3%
Dead Man's Hand
A8
48.7%
Heinz
57
47.8%
Dolly Parton
95
47.1%
Computer Hand
Q7
39.3%
Meat Hooks
99
33.9%
T.J. Cloutier
JT or J9
20.3%
San Fransisco Bus-
Boy
Q3
19.4%
Dinner for Two
69
13.8%
The Hammer
72
13.6%
Johnny Moss
AT
7.6%
Maverick
QJ
5.8%
Jesse James
45
5.4%
Quiz Playlist
Details
Report
Send in Message
Add To Playlist
More Info:
Ace=A, King=K, Queen=Q, Jack=J and Ten=T or 10. E.g. ace-nine should be entered as A9 or 9A
Classic:
Type in answers that appear in a list
Forced Order:
Answers have to be entered in order
Random Order:
Randomize order of answers
Last Updated: Feb 16, 2017
Quiz Scoreboard
CHALLENGE
Sign Up to Join the Scoreboard
Show All
Scores
Hide
Comments
May contain spoilers
Recently Published
Holiday 10x10 Sorting Gallery
by lukepisani3
Holiday
15m
Two Season TV Shows II
by 123Four
Television
10m
Image Sorting: Flags VI
by Barbecue
Geography
2m
More to Explore
Quiz From the Vault
Featured Blog Post
14 Easter Pick-up Lines to Find Eggs With
hide this ad
You Might Also Like...
Tags
hand
Poker
slang
Term
Today's Top Quizzes in Gaming
Browse Gaming
hide this ad
Today's Top Quizzes in Poker
Browse Poker
Top Contributed Quizzes in Gaming
1
League of Legends Pro Players by Career/Team History
2
Genshin Impact Logic Puzzle
3
Destiny 2 exotic weapons by perk icons
4
Genshin murder mystery
5
4x4 Decades: Video Games
6
Genshin Impact Logic Puzzle Quiz
7
Ultimate Genshin Impact Logic Puzzle (up to 4.3)
8
Dead By Daylight Logic Puzzle
9
Who's on the WWE 2K24 Cover?
10
Overwatch Logic Puzzle
Explore More
Trending Topics
Kpop
Harry Potter
Crossword
Marvel
Disney
Anime
NBA
Pokémon
Song
The Office
WWE
Puzzle
Country
Soccer
NFL
hide this ad
More By:
gp1234512345
Quiz
Plays
Rating
Category
Featured
Created
Brendan Fraser Movies
775
3.63
Movies
Feb 23, 2010
Poker Hand Slang
450
3.50
Gaming
Feb 7, 2010
Super Fun Movie Quiz 4!
275
4.40
Movies
Apr 6, 2016
Oscar Best Director Match Up(1975-2015)
260
4.75
Movies
Sep 3, 2015
Super Fun Movie Quiz!
260
4.00
Movies
Apr 3, 2016
Go to Creator's Profile
Score Distribution
Quiz Creator Spotlight
gp1234512345
Follow
Send a Message
Quizzes Created
-
Created Quiz Play Count
-
More By This Creator
Popular Quizzes Today
1
Find the US States - No Outlines Minefield
2
Colored Red Africa Blitz
3
Find the 'City' Movie
4
The Countries of the World
5
5x2 Blitz: Bands
6
Find the Countries of Europe - No Outlines Minefield
7
Find the US States
8
US States
More Gaming Quizzes
Super Mario 3D World Map
Quiz Lab
Trending Quizzes
Colored Red Europe Blitz I
Colored Red Europe Blitz II
Colored Red Africa Blitz II
Even More Two Season TV Shows
Colored Red Africa Blitz III
Recently Updated
Odd Team Out - Big 4 Players
pecheneg
Quick Pick: 20 Twenties
pecheneg
March Madness Men's Triple Doubles
pecheneg
How Do You Spell That?
pecheneg
Godzilla Movies
pecheneg
Grab Bag: 4-10 Letters
pecheneg
2024 March Madness Bracket
pecheneg
Famous TV Couples
Peacemaker
Champions League XIs: Real Madrid
pecheneg
Largest US Cities 1790-2010
pecheneg
Trending Topics
Kpop
Anime
Crossword
Disney
Marvel
NBA
Harry Potter
The Office
Soccer
NFL
Pokémon
Song
WWE
Puzzle
Country
Your Account Isn't Verified!
In order to create a playlist on Sporcle, you need to verify the email address you used during registration. Go to your
Sporcle Settings
to finish the process.
Report this User
Report this user for behavior that violates our
Community Guidelines
.
Details:
Send Report
Go to the Sporcle.com Mobile Site →
Comments